000 00384nam a2200157Ia 4500
008 230917s9999||||xx |||||||||||||| ||und||
040 _e102002
_aMAIN
041 _aEnglish
082 _a658.3 S28H
100 _aSaiyadain, Mirza S
245 0 _aHuman resources management
250 _a3rd ed.
260 _aNew Delhi
_bTata McGraw-Hill
_c2003
300 _a509 p.
942 _cBK
999 _c110435
_d110435